[Event "FINEC 2007 IM"]
[Site "St. Petersburg RUS"]
[Date "2007.01.31"]
[Round "9.2"]
[White "Melnikov, Dmitry"]
[Black "Serov, Maksim"]
[Result "1/2-1/2"]
[WhiteElo "2353"]
[BlackElo "2275"]
[PlyCount "112"]
[EventDate "2007.01.25"]
[EventType "tourn"]
[EventRounds "10"]
[EventCountry "RUS"]
[EventCategory "3"]
[Source "lmi"]
[SourceDate "2007.01.25"]

1. e4 c5 2. Nf3 e6 3. Nc3 d6 4. d4 cxd4 5. Nxd4 Nf6 6. Be3 a6 7. f3 b5 8. g4
Nfd7 9. Qd2 Bb7 10. O-O-O Nb6 11. e5 Nd5 12. exd6 Bxd6 13. Ne4 O-O 14. Nxd6
Qxd6 15. Nb3 Nd7 16. Na5 Qc7 17. Bd4 Rac8 18. Nxb7 Qxb7 19. Bd3 Nc5 20. Bxc5
Rxc5 21. Be4 Qc7 22. g5 Rc8 23. Kb1 b4 24. h4 Qb6 25. Bxd5 Rxd5 26. Qe2 Qb5 27.
Qxb5 Rxb5 28. Rd6 a5 29. Rhd1 g6 30. f4 Kg7 31. b3 h6 32. Kb2 Rf5 33. R6d4 hxg5
34. hxg5 e5 35. fxe5 Rxe5 36. Rd5 Rc5 37. Rxc5 Rxc5 38. Rg1 f6 39. gxf6+ Kxf6
40. Rg2 g5 41. a3 Kf5 42. axb4 axb4 43. c4 bxc3+ 44. Kc2 Kf4 45. Rf2+ Kg3 46.
Rf8 g4 47. Rg8 Kf3 48. Rf8+ Kg2 49. Rg8 g3 50. Rg7 Kf3 51. Rg8 Kf4 52. b4 Rc7
53. Rf8+ Ke3 54. Rg8 Kf2 55. Rf8+ Kg1 56. Rg8 g2 1/2-1/2

[Event "FINEC 2007 IM"]
[Site "St. Petersburg RUS"]
[Date "2007.01.31"]
[Round "9.3"]
[White "Sudakova, Irina"]
[Black "Gogin, Ruslan"]
[Result "1/2-1/2"]
[WhiteElo "2381"]
[BlackElo "2135"]
[PlyCount "130"]
[EventDate "2007.01.25"]
[EventType "tourn"]
[EventRounds "10"]
[EventCountry "RUS"]
[EventCategory "3"]
[Source "lmi"]
[SourceDate "2007.01.25"]

1. e4 c5 2. Nf3 Nc6 3. Nc3 Nf6 4. Bb5 d6 5. e5 dxe5 6. Nxe5 Qc7 7. Bxc6+ bxc6
8. Qe2 g6 9. O-O Bf5 10. Re1 Rd8 11. d3 Rd6 12. g4 Bc8 13. Qf3 g5 14. Ne4 Nxe4
15. Qxf7+ Kd8 16. dxe4 Rf6 17. Rd1+ Bd7 18. Qxf6 exf6 19. Rxd7+ Qxd7 20. Nxd7
Kxd7 21. Be3 h5 22. Rd1+ Kc7 23. h3 hxg4 24. hxg4 Bd6 25. f3 Rh3 26. Rf1 a5 27.
a4 Kb6 28. Rf2 Bg3 29. Rf1 Rh2 30. Bf2 Bd6 31. Rd1 Be5 32. c3 Kc7 33. Rd2 Rh3
34. Kg2 Rh2+ 35. Kf1 Rh1+ 36. Bg1 Bf4 37. Rd1 Rh3 38. Ke2 Bd6 39. Rf1 Rh8 40.
Be3 c4 41. f4 Rh4 42. e5 fxe5 43. fxg5 Rxg4 44. Rf7+ Kd8 45. Kf3 Rh4 46. Bf2
e4+ 47. Ke2 Rh2 48. Rf5 Ke7 49. Ke3 Ke6 50. Rf6+ Ke7 51. Kxe4 Rg2 52. Be3 Rxb2
53. Rf2 Rxf2 54. Bxf2 Ke6 55. Be3 c5 56. Bf4 Be7 57. Bd2 Bd6 58. Be3 Bf8 59. g6
Bg7 60. Bxc5 Bxc3 61. Bd4 Bb4 62. Kf4 c3 63. Ke3 c2 64. Bb2 Bc3 65. Bc1 Kf6
1/2-1/2

[Event "FINEC 2007 IM"]
[Site "St. Petersburg RUS"]
[Date "2007.01.31"]
[Round "9.4"]
[White "Zacurdajev, Mikhail"]
[Black "Kulikov, Evgeny"]
[Result "0-1"]
[WhiteElo "2374"]
[BlackElo "2260"]
[PlyCount "52"]
[EventDate "2007.01.25"]
[EventType "tourn"]
[EventRounds "10"]
[EventCountry "RUS"]
[EventCategory "3"]
[Source "lmi"]
[SourceDate "2007.01.25"]

1. d4 Nf6 2. c4 g6 3. Nc3 Bg7 4. Nf3 O-O 5. Bf4 d6 6. e3 Nbd7 7. h3 b6 8. Be2
Bb7 9. Qc2 e5 10. Bg5 h6 11. Bh4 exd4 12. exd4 g5 13. Bg3 Nh5 14. O-O-O Nxg3
15. fxg3 Nf6 16. d5 Nh5 17. Ne4 f5 18. Nd4 Qe8 19. Nxf5 Rxf5 20. Bxh5 Qe5 21.
Bg4 Rff8 22. Be6+ Kh8 23. h4 Bc8 24. Bxc8 Raxc8 25. hxg5 Rce8 26. Nf6 Qxg5+ 0-1

[Event "FINEC 2007 IM"]
[Site "St. Petersburg RUS"]
[Date "2007.01.31"]
[Round "9.5"]
[White "Zakharchenko, Arnold"]
[Black "Stupak, Kirill"]
[Result "0-1"]
[WhiteElo "2301"]
[BlackElo "2361"]
[PlyCount "78"]
[EventDate "2007.01.25"]
[EventType "tourn"]
[EventRounds "10"]
[EventCountry "RUS"]
[EventCategory "3"]
[Source "lmi"]
[SourceDate "2007.01.25"]

1. d4 e6 2. e4 d5 3. Nc3 Nc6 4. Nf3 Nf6 5. e5 Ne4 6. a3 Be7 7. Bd3 Nxc3 8. bxc3
Na5 9. O-O Bd7 10. Nd2 a6 11. Qg4 g6 12. Nf3 Bb5 13. Bh6 Qd7 14. Ng5 Bf8 15.
Bxf8 Kxf8 16. Qf4 Qe7 17. h4 Kg7 18. Rfe1 Rac8 19. Re3 h6 20. Nh3 Bxd3 21. cxd3
c5 22. dxc5 Rxc5 23. d4 Rc7 24. Rf3 Rhc8 25. Rc1 Nc4 26. Rg3 Rh8 27. Rd1 h5 28.
Ng5 Nxa3 29. Rf3 Nb5 30. Rc1 Rhc8 31. Rc2 Nxc3 32. Qe3 Qb4 33. Kh2 Kg8 34. Rf6
Ne4 35. Nxe4 dxe4 36. Rxc7 Rxc7 37. Qxe4 Kg7 38. Qf4 Rd7 39. g4 Kg8 0-1

[Event "FINEC 2007 IM"]
[Site "St. Petersburg RUS"]
[Date "2007.02.01"]
[Round "10.1"]
[White "Kulikov, Evgeny"]
[Black "Zakharchenko, Arnold"]
[Result "1-0"]
[WhiteElo "2260"]
[BlackElo "2301"]
[PlyCount "59"]
[EventDate "2007.01.25"]
[EventType "tourn"]
[EventRounds "10"]
[EventCountry "RUS"]
[EventCategory "3"]
[Source "lmi"]
[SourceDate "2007.01.25"]

1. e4 c5 2. Nf3 Nc6 3. Nc3 g6 4. d4 cxd4 5. Nxd4 Bg7 6. Be3 Nf6 7. Bc4 O-O 8.
Bb3 a5 9. O-O a4 10. Nxa4 Nxe4 11. Nb5 Ra6 12. Qe2 d6 13. c4 Nf6 14. Rfd1 Ng4
15. Bg5 h6 16. Rxd6 Nd4 17. Rxd4 Bxd4 18. Bh4 Bf6 19. Bg3 Re6 20. Qc2 Be5 21.
c5 Bxg3 22. hxg3 Rf6 23. f3 Bd7 24. Nac3 Bxb5 25. Nxb5 Ne5 26. Qc3 Qb8 27. f4
Nc6 28. Re1 Rd8 29. Rxe7 Kg7 30. Rxf7+ 1-0

[Event "FINEC 2007 IM"]
[Site "St. Petersburg RUS"]
[Date "2007.02.01"]
[Round "10.2"]
[White "Gogin, Ruslan"]
[Black "Zacurdajev, Mikhail"]
[Result "0-1"]
[WhiteElo "2135"]
[BlackElo "2374"]
[PlyCount "100"]
[EventDate "2007.01.25"]
[EventType "tourn"]
[EventRounds "10"]
[EventCountry "RUS"]
[EventCategory "3"]
[Source "lmi"]
[SourceDate "2007.01.25"]

1. d4 e6 2. Nf3 f5 3. g3 Nf6 4. Bg2 d5 5. c4 c6 6. O-O Bd6 7. b3 Qe7 8. a4 O-O
9. Ba3 Bxa3 10. Rxa3 Ne4 11. Nfd2 Nd7 12. f3 Nef6 13. f4 Ng4 14. Rf3 c5 15. Nf1
b6 16. Ne3 Ngf6 17. cxd5 Bb7 18. dxc5 Nxd5 19. Nxd5 Bxd5 20. Re3 Bxg2 21. Kxg2
Nxc5 22. b4 Rfd8 23. Nd2 Ne4 24. Rad3 Nf6 25. Qb3 Rxd3 26. Rxd3 Nd5 27. Nf3
Qxb4 28. Qxb4 Nxb4 29. Rd7 Na6 30. a5 bxa5 31. Nd4 a4 32. Nxe6 a3 33. Rd4 Re8
34. Ng5 h6 35. Ra4 Nc5 36. Ra5 Rxe2+ 37. Kf3 Rc2 38. Rxa3 hxg5 39. fxg5 Ne6 40.
g6 Nf8 41. h4 Nxg6 42. h5 Ne7 43. Rxa7 Nd5 44. Ra3 Kh7 45. Rd3 Rc3 46. Rxc3
Nxc3 47. Kf4 Ne2+ 48. Kf3 Nd4+ 49. Kf4 Kh6 50. Ke5 Kxh5 0-1

[Event "FINEC 2007 IM"]
[Site "St. Petersburg RUS"]
[Date "2007.02.01"]
[Round "10.4"]
[White "Shalimov, Valery"]
[Black "Melnikov, Dmitry"]
[Result "1/2-1/2"]
[WhiteElo "2393"]
[BlackElo "2353"]
[PlyCount "69"]
[EventDate "2007.01.25"]
[EventType "tourn"]
[EventRounds "10"]
[EventCountry "RUS"]
[EventCategory "3"]
[Source "lmi"]
[SourceDate "2007.01.25"]

1. d4 f5 2. Nc3 d5 3. Nf3 Nf6 4. Bg5 e6 5. e3 Be7 6. Bd3 O-O 7. O-O c5 8. dxc5
Bxc5 9. Na4 Bd6 10. c4 e5 11. Be2 e4 12. Nd4 h6 13. Bf4 Bxf4 14. exf4 Kh8 15.
Rc1 Nc6 16. g3 Nxd4 17. Qxd4 Bd7 18. Nc3 Bc6 19. Rfd1 dxc4 20. Qc5 Qe8 21. Rd6
Ng4 22. Nd1 e3 23. f3 Bxf3 24. Bxf3 e2 25. Ne3 Qxe3+ 26. Qxe3 Nxe3 27. Bxe2
Rad8 28. Re6 Rfe8 29. Bxc4 Nxc4 30. Rxe8+ Rxe8 31. Rxc4 Re2 32. Rb4 b6 33. Rb5
Kh7 34. a4 Kg6 35. a5 1/2-1/2

[Event "FINEC 2007 IM"]
[Site "St. Petersburg RUS"]
[Date "2007.02.01"]
[Round "10.5"]
[White "Lintchevski, Daniil"]
[Black "Merzliakov, Evgeny"]
[Result "1-0"]
[WhiteElo "2449"]
[BlackElo "2211"]
[PlyCount "87"]
[EventDate "2007.01.25"]
[EventType "tourn"]
[EventRounds "10"]
[EventCountry "RUS"]
[EventCategory "3"]
[Source "lmi"]
[SourceDate "2007.01.25"]

1. e4 e6 2. d4 d5 3. Nc3 Nf6 4. e5 Nfd7 5. f4 c5 6. Nf3 Nc6 7. Be3 cxd4 8. Nxd4
Qb6 9. Qd2 Qxb2 10. Rb1 Qa3 11. Bb5 Ndb8 12. Rb3 Qa5 13. f5 Bb4 14. a3 Bxc3 15.
Rxc3 exf5 16. Nxc6 bxc6 17. Rxc6 Qxd2+ 18. Kxd2 O-O 19. Rc7 a6 20. Ba4 d4 21.
Bxd4 Be6 22. c4 Rd8 23. Kc3 Nd7 24. Rb1 Rac8 25. Rbb7 Nf8 26. g3 g5 27. Bc2 Ng6
28. c5 Re8 29. Rxc8 Rxc8 30. Kb4 f4 31. Be4 Rd8 32. Bc3 fxg3 33. hxg3 h5 34. c6
h4 35. gxh4 gxh4 36. c7 Rc8 37. Kc5 h3 38. Kd6 Kh7 39. Rb2 Re8 40. Bc6 Rg8 41.
Bd7 Bxd7 42. Kxd7 Nf8+ 43. Kd6 Ne6 44. Rh2 1-0

[Event "FINEC 2007 WGM"]
[Site "St. Petersburg RUS"]
[Date "2007.01.25"]
[Round "1.1"]
[White "Golubenko, Valentina"]
[Black "Lupik, Marina"]
[Result "1-0"]
[WhiteElo "2261"]
[BlackElo "2209"]
[PlyCount "71"]
[EventDate "2007.01.25"]
[EventType "tourn"]
[EventRounds "9"]
[EventCountry "RUS"]
[Source "lmi"]
[SourceDate "2007.01.25"]

1. d4 d5 2. c4 e6 3. Nc3 c6 4. e3 Nf6 5. Bd3 Nbd7 6. Nf3 dxc4 7. Bxc4 b5 8. Bd3
Bb7 9. O-O a6 10. e4 c5 11. d5 exd5 12. exd5 Nb6 13. Re1+ Be7 14. Bxb5+ Kf8 15.
Bc6 Bxc6 16. dxc6 Qc7 17. Ne5 Bd6 18. Bf4 Kg8 19. Qf3 h6 20. Rad1 Re8 21. Nd3
Kh7 22. h3 Rxe1+ 23. Rxe1 c4 24. Ne4 Nxe4 25. Qxe4+ g6 26. Bxd6 Qxd6 27. Qf3
Kg7 28. Ne5 f6 29. Nd7 Nxd7 30. Rd1 Qe6 31. Rxd7+ Kf8 32. Rd8+ Kg7 33. c7 Qe1+
34. Kh2 Qe7 35. c8=Q Rxd8 36. Qfb7 1-0

[Event "FINEC 2007 WGM"]
[Site "St. Petersburg RUS"]
[Date "2007.01.25"]
[Round "1.2"]
[White "Sirotkina, Nina"]
[Black "Kirillova, Varvara"]
[Result "1-0"]
[WhiteElo "2284"]
[BlackElo "2216"]
[PlyCount "83"]
[EventDate "2007.01.25"]
[EventType "tourn"]
[EventRounds "9"]
[EventCountry "RUS"]
[Source "lmi"]
[SourceDate "2007.01.25"]

1. d4 Nf6 2. Nf3 g6 3. g3 Bg7 4. Bg2 O-O 5. O-O d6 6. c4 c6 7. Nc3 Qa5 8. h3
Be6 9. Qd3 Rc8 10. Ng5 Bd7 11. Bd2 Qd8 12. e4 h6 13. Nf3 Na6 14. a3 Rab8 15.
Be3 b5 16. cxb5 cxb5 17. Rfc1 b4 18. axb4 Nxb4 19. Qd2 d5 20. e5 Ne4 21. Nxe4
dxe4 22. Ne1 Rxc1 23. Rxc1 Kh7 24. Kh2 Bc6 25. Rc5 Bd5 26. Qc3 Qb6 27. Nc2 Na2
28. Qa3 e6 29. Rxd5 exd5 30. Qxa2 Qxb2 31. Qxa7 Rb3 32. Qxf7 Qxc2 33. Qxd5 Qb2
34. Qxe4 Rb4 35. h4 h5 36. Bf1 Qb3 37. e6 Qa4 38. Bd3 Qe8 39. e7 Rb8 40. d5 Bf6
41. d6 Kg7 42. Bg5 1-0

[Event "FINEC 2007 WGM"]
[Site "St. Petersburg RUS"]
[Date "2007.01.25"]
[Round "1.3"]
[White "Petrenko, Svetlana"]
[Black "Kuzevanova, Evgenia"]
[Result "1/2-1/2"]
[WhiteElo "2319"]
[BlackElo "2172"]
[PlyCount "145"]
[EventDate "2007.01.25"]
[EventType "tourn"]
[EventRounds "9"]
[EventCountry "RUS"]
[Source "lmi"]
[SourceDate "2007.01.25"]

1. e4 c5 2. Nf3 Nc6 3. Nc3 Nf6 4. Bb5 d6 5. e5 Nd7 6. exd6 exd6 7. O-O Be7 8.
Nd5 O-O 9. d4 Nb6 10. Nxe7+ Nxe7 11. dxc5 dxc5 12. Qxd8 Rxd8 13. Be3 Bd7 14.
Bxd7 Nxd7 15. Rad1 b6 16. Rfe1 Nc6 17. Bf4 Nf8 18. c3 Rxd1 19. Rxd1 Rd8 20. Re1
Ne6 21. Bg3 h6 22. h3 Rd7 23. Kh2 Kh7 24. Re2 Nc7 25. Nd2 Nd5 26. Nc4 Nf6 27.
f3 Nh5 28. Bf2 Nf4 29. Rc2 f6 30. a4 f5 31. g4 Nd3 32. gxf5 Nxf2 33. Rxf2 Rd5
34. f4 Rxf5 35. Ne3 Rf7 36. f5 Ne5 37. Kg3 Rd7 38. Re2 Nf7 39. Nc4 Ng5 40. h4
Nf7 41. Re6 Nd8 42. Re8 Nc6 43. Kf4 Rd1 44. Re6 Rf1+ 45. Kg4 Nd8 46. Re7 Nc6
47. Rc7 Re1 48. Kf4 Ne7 49. Rxa7 Rf1+ 50. Ke4 Re1+ 51. Ne3 Nxf5 52. Kxf5 Rxe3
53. Rb7 Rf3+ 54. Ke5 Rf6 55. h5 Kg8 56. c4 Kf8 57. b3 Kg8 58. Kd5 g6 59. Ke5
Rc6 60. hxg6 Rxg6 61. Kf5 Rd6 62. Kg4 Rd4+ 63. Kh5 Rd6 64. Rc7 Rd3 65. a5 bxa5
66. Rxc5 Rxb3 67. Rxa5 Kf7 68. Kxh6 Rc3 69. Rc5 Kf6 70. Kh5 Ke6 71. Kg4 Kd6 72.
Rc8 Kd7 73. Rc5 1/2-1/2

[Event "FINEC 2007 WGM"]
[Site "St. Petersburg RUS"]
[Date "2007.01.26"]
[Round "2.1"]
[White "Lupik, Marina"]
[Black "Kostiuk, Tatiana"]
[Result "1/2-1/2"]
[WhiteElo "2209"]
[BlackElo "2224"]
[PlyCount "52"]
[EventDate "2007.01.25"]
[EventType "tourn"]
[EventRounds "9"]
[EventCountry "RUS"]
[Source "lmi"]
[SourceDate "2007.01.25"]

1. Nf3 Nf6 2. c4 d6 3. d4 Nbd7 4. Nc3 e5 5. e4 Be7 6. Be2 O-O 7. O-O c6 8. Qc2
Qc7 9. Rd1 a6 10. Nh4 d5 11. Nf5 Bb4 12. exd5 cxd5 13. dxe5 Bxc3 14. Ne7+ Kh8
15. Qxc3 Nxe5 16. Nxd5 Nxd5 17. Rxd5 Ng4 18. Bxg4 Bxg4 19. Rg5 f5 20. Bf4 Qe7
21. Re1 Qf6 22. Qxf6 gxf6 23. Re7 Rfd8 24. h3 fxg5 25. Be5+ Kg8 26. hxg4 Re8
1/2-1/2

[Event "FINEC 2007 WGM"]
[Site "St. Petersburg RUS"]
[Date "2007.01.26"]
[Round "2.2"]
[White "Solovjova, Valentina"]
[Black "Eidelson, Rakhil"]
[Result "1-0"]
[WhiteElo "2267"]
[BlackElo "2181"]
[PlyCount "79"]
[EventDate "2007.01.25"]
[EventType "tourn"]
[EventRounds "9"]
[EventCountry "RUS"]
[Source "lmi"]
[SourceDate "2007.01.25"]

1. e4 d6 2. d4 g6 3. Nc3 Bg7 4. Be3 c6 5. Qd2 Nd7 6. f3 b5 7. a3 a6 8. Nh3 Nb6
9. Nf2 Rb8 10. Rb1 Qc7 11. Be2 e5 12. dxe5 dxe5 13. Bc5 Qd7 14. Bd6 Ra8 15. f4
Ne7 16. fxe5 h5 17. Qd4 Qb7 18. Nd3 Nc4 19. Nc5 Qa7 20. Bxc4 bxc4 21. Qxc4 O-O
22. Ne2 Kh7 23. Nd4 Be6 24. Ndxe6 fxe6 25. Rf1 Rxf1+ 26. Kxf1 Nc8 27. Kg1 Nxd6
28. exd6 Rd8 29. Rd1 Bxb2 30. Kh1 Bxa3 31. Nxe6 Rxd6 32. Ng5+ Kg7 33. Rf1 Rf6
34. Ne6+ Kf7 35. Nd8+ Kg7 36. Rxf6 Kxf6 37. Qd3 Kg5 38. Qxa3 Kh6 39. Qf8+ Kh7
40. Ne6 1-0

[Event "FINEC 2007 WGM"]
[Site "St. Petersburg RUS"]
[Date "2007.01.26"]
[Round "2.3"]
[White "Kuzevanova, Evgenia"]
[Black "Gromova, Iulia"]
[Result "1-0"]
[WhiteElo "2172"]
[BlackElo "2255"]
[PlyCount "107"]
[EventDate "2007.01.25"]
[EventType "tourn"]
[EventRounds "9"]
[EventCountry "RUS"]
[Source "lmi"]
[SourceDate "2007.01.25"]

1. e4 c6 2. d4 d5 3. e5 Bf5 4. Nd2 e6 5. Nb3 Nd7 6. Nf3 Ne7 7. Be2 Nc8 8. O-O
Be7 9. Be3 Ncb6 10. Nfd2 O-O 11. f4 Bg6 12. a4 a5 13. c3 Qc7 14. g4 f5 15. Nc5
Nxc5 16. dxc5 Nd7 17. b4 b6 18. cxb6 Nxb6 19. Nb3 axb4 20. Nc5 Bxc5 21. Bxc5
bxc3 22. Bxf8 Kxf8 23. a5 Nd7 24. Qd4 Rxa5 25. Qxc3 Qb6+ 26. Kg2 Rxa1 27. Rxa1
fxg4 28. Bxg4 Be4+ 29. Bf3 Bxf3+ 30. Kxf3 c5 31. Qd3 h6 32. Ra6 Qb2 33. Rxe6
Qxh2 34. Qf5+ Nf6 35. exf6 Qh1+ 36. Kf2 Qh2+ 37. Kf1 Qh1+ 38. Ke2 Qg2+ 39. Kd1
Qg1+ 40. Kd2 Qf2+ 41. Re2 Qd4+ 42. Qd3 Qxf4+ 43. Kc2 Qa4+ 44. Qb3 Qxb3+ 45.
Kxb3 g5 46. Rh2 Kf7 47. Rxh6 g4 48. Rh4 Kxf6 49. Rxg4 Kf5 50. Rh4 Kg5 51. Ra4
Kf5 52. Ra5 c4+ 53. Kc3 Ke4 54. Ra8 1-0

[Event "FINEC 2007 WGM"]
[Site "St. Petersburg RUS"]
[Date "2007.01.26"]
[Round "2.4"]
[White "Kirillova, Varvara"]
[Black "Petrenko, Svetlana"]
[Result "1/2-1/2"]
[WhiteElo "2216"]
[BlackElo "2319"]
[PlyCount "100"]
[EventDate "2007.01.25"]
[EventType "tourn"]
[EventRounds "9"]
[EventCountry "RUS"]
[Source "lmi"]
[SourceDate "2007.01.25"]

1. e4 g6 2. d4 Bg7 3. Nc3 d6 4. g3 Nd7 5. Bg2 e5 6. Nge2 Ne7 7. O-O O-O 8. Be3
c6 9. a4 a5 10. f4 exf4 11. Bxf4 Nb6 12. b3 d5 13. Qd2 dxe4 14. Nxe4 Nf5 15.
Rad1 Nd5 16. Bg5 f6 17. c4 Nb4 18. Bf4 g5 19. Be3 Nxe3 20. Qxe3 h6 21. d5 cxd5
22. cxd5 b6 23. d6 Ra7 24. Nd4 f5 25. Nb5 Raf7 26. Nec3 f4 27. gxf4 gxf4 28.
Qe2 Re8 29. Qd2 Bg4 30. Bf3 Bh3 31. Rf2 Re3 32. Nd5 Qg5+ 33. Kh1 Nd3 34. Rff1
Bxf1 35. Rxf1 Rxf3 36. Rxf3 Ne5 37. Ne7+ Kh8 38. Rf2 f3 39. Qxg5 hxg5 40. Nd4
g4 41. Ndf5 Kh7 42. h3 gxh3 43. Rh2 Bh6 44. Rxh3 Rf6 45. Kg1 Re6 46. Kf2 Nf7
47. d7 Re2+ 48. Kxf3 Rd2 49. Rh1 Rxd7 50. Ke4 Rc7 1/2-1/2

[Event "FINEC 2007 WGM"]
[Site "St. Petersburg RUS"]
[Date "2007.01.26"]
[Round "2.5"]
[White "Golubenko, Valentina"]
[Black "Sirotkina, Nina"]
[Result "1-0"]
[WhiteElo "2261"]
[BlackElo "2284"]
[PlyCount "109"]
[EventDate "2007.01.25"]
[EventType "tourn"]
[EventRounds "9"]
[EventCountry "RUS"]
[Source "lmi"]
[SourceDate "2007.01.25"]

1. Nf3 Nf6 2. c4 e6 3. Nc3 c5 4. g3 b6 5. Bg2 Bb7 6. O-O Be7 7. d4 cxd4 8. Qxd4
Nc6 9. Qf4 O-O 10. Rd1 a6 11. b3 Rc8 12. e4 d6 13. Ba3 e5 14. Qd2 Qe8 15. Qe2
Rd8 16. Rd2 Na7 17. Rad1 Nc8 18. Bh3 Qc6 19. Bxc8 Bxc8 20. Nxe5 Qc7 21. Nd3 Bg4
22. f3 Be6 23. Nf4 b5 24. Ncd5 Nxd5 25. Nxd5 Bxd5 26. Rxd5 b4 27. Bb2 Rfe8 28.
Kg2 a5 29. Qd2 Ra8 30. Rf5 Bf8 31. a4 bxa3 32. Bxa3 a4 33. b4 Qxc4 34. Rc1 Qe6
35. Rc7 Re7 36. Rc6 Qb3 37. Rc3 Qe6 38. Rd5 Rb7 39. b5 Qf6 40. Rc6 Qa1 41. Qd3
Qa2+ 42. Rc2 Qb3 43. Rc3 Qa2+ 44. Qc2 Qxc2+ 45. Rxc2 Rab8 46. Rc4 Ra8 47. Kf2
h6 48. Ke3 Be7 49. Kd3 Rb6 50. e5 Bf8 51. exd6 Rab8 52. d7 Rd8 53. Rc8 Bxa3 54.
Rxd8+ Kh7 55. Rh8+ 1-0

[Event "FINEC 2007 WGM"]
[Site "St. Petersburg RUS"]
[Date "2007.01.27"]
[Round "3.1"]
[White "Sirotkina, Nina"]
[Black "Lupik, Marina"]
[Result "0-1"]
[WhiteElo "2284"]
[BlackElo "2209"]
[PlyCount "80"]
[EventDate "2007.01.25"]
[EventType "tourn"]
[EventRounds "9"]
[EventCountry "RUS"]
[Source "lmi"]
[SourceDate "2007.01.25"]

1. d4 d5 2. c4 c6 3. Qc2 Nf6 4. Nf3 g6 5. g3 Bg7 6. Bg2 dxc4 7. Qxc4 Be6 8. Qc2
Na6 9. O-O O-O 10. e4 Nb4 11. Qe2 Nxa2 12. Bd2 Qb6 13. Be3 Ng4 14. d5 Nxe3 15.
dxe6 Nxf1 16. Rxa2 Qb3 17. exf7+ Rxf7 18. Ra3 Nxg3 19. hxg3 Qb4 20. Bh3 Kh8 21.
Ng5 Rff8 22. Ne6 Bxb2 23. Ra4 Qxa4 24. Qxb2+ Rf6 25. Nd2 Qb5 26. Qd4 Qb6 27.
Nc5 Rd8 28. Qe5 Rxd2 29. Qxe7 Rdxf2 30. Qe8+ Rf8 31. Qe5+ R2f6 32. Kh2 Qb5 33.
Qd4 Qe2+ 34. Bg2 Kg8 35. Qe5 Qh5+ 36. Qxh5 gxh5 37. Nxb7 Rb8 38. Nc5 Rb2 39.
Kg1 Rd6 40. Bf3 Rdd2 0-1

[Event "FINEC 2007 WGM"]
[Site "St. Petersburg RUS"]
[Date "2007.01.27"]
[Round "3.2"]
[White "Petrenko, Svetlana"]
[Black "Golubenko, Valentina"]
[Result "1-0"]
[WhiteElo "2319"]
[BlackElo "2261"]
[PlyCount "117"]
[EventDate "2007.01.25"]
[EventType "tourn"]
[EventRounds "9"]
[EventCountry "RUS"]
[Source "lmi"]
[SourceDate "2007.01.25"]

1. e4 c5 2. Nf3 e6 3. d4 cxd4 4. Nxd4 Nf6 5. Nc3 d6 6. Be2 a6 7. a4 Qc7 8. O-O
b6 9. f4 Bb7 10. Bf3 Nbd7 11. Kh1 Be7 12. Qe1 O-O 13. f5 e5 14. Nb3 d5 15. exd5
Bb4 16. Qg3 Kh8 17. Bd2 Bxc3 18. d6 Qb8 19. Bxc3 Bxf3 20. Qxf3 Qxd6 21. Rad1
Qc7 22. g4 h6 23. Rg1 Nh7 24. h4 f6 25. Rg2 Nc5 26. Nxc5 bxc5 27. Rgd2 Rad8 28.
Rd5 Qc6 29. Qe4 Rxd5 30. Rxd5 Qa8 31. Ba5 Rb8 32. b3 Nf8 33. Kh2 Re8 34. Kg2
Nd7 35. Kf3 Qc6 36. c4 Rb8 37. Rd3 Qc8 38. Qd5 e4+ 39. Kxe4 Rb7 40. Qe6 Qa8 41.
Ke3 Nf8 42. Qe4 Qb8 43. Qf4 Re7+ 44. Kf3 Qb7+ 45. Kf2 Qh1 46. Qg3 Qb1 47. Rd8
Qc2+ 48. Bd2 Kh7 49. Qd3 Qxd3 50. Rxd3 h5 51. g5 Nd7 52. g6+ Kg8 53. Bf4 Nf8
54. Rd8 Rd7 55. Ra8 Rd3 56. Ke2 Rd7 57. Be3 Rc7 58. a5 Rc6 59. Bf4 1-0

[Event "FINEC 2007 WGM"]
[Site "St. Petersburg RUS"]
[Date "2007.01.27"]
[Round "3.3"]
[White "Gromova, Iulia"]
[Black "Kirillova, Varvara"]
[Result "0-1"]
[WhiteElo "2255"]
[BlackElo "2216"]
[PlyCount "112"]
[EventDate "2007.01.25"]
[EventType "tourn"]
[EventRounds "9"]
[EventCountry "RUS"]
[Source "lmi"]
[SourceDate "2007.01.25"]

1. d4 d6 2. e4 Nf6 3. f3 Nbd7 4. c4 e5 5. d5 c6 6. Nc3 cxd5 7. cxd5 Be7 8. Be3
O-O 9. Nh3 h6 10. Qd2 a6 11. Be2 b5 12. Nf2 Nh7 13. h4 Bxh4 14. Bxh6 Bg5 15.
Bxg5 Qxg5 16. Qxg5 Nxg5 17. b4 Bb7 18. a4 bxa4 19. Nxa4 f5 20. Rh5 Nf7 21. Kd2
fxe4 22. Nxe4 Bxd5 23. Nac3 Be6 24. Bd3 Rfb8 25. Rah1 Nb6 26. Ng5 Nxg5 27. Rxg5
Nc4+ 28. Kc1 Rxb4 29. Be4 Rc8 30. Rh7 Na3 31. Rgxg7+ Kf8 32. Rc7 Rxc7 33. Rxc7
Rc4 34. Rxc4 Nxc4 35. Nd5 a5 36. g3 a4 37. Nc7 Bd7 38. Bd3 Nb6 39. f4 exf4 40.
gxf4 d5 41. Kb2 Ke7 42. Ka3 Kd6 43. Na6 d4 44. f5 Nd5 45. f6 Nxf6 46. Bc2 Nd5
47. Bxa4 Bxa4 48. Kxa4 d3 49. Kb3 Kc6 50. Kb2 Kb6 51. Nb8 Kc5 52. Kc1 Kc4 53.
Kd2 Nf6 54. Nc6 Ne4+ 55. Kd1 Kc3 56. Ne5 Nf2+ 0-1

[Event "FINEC 2007 WGM"]
[Site "St. Petersburg RUS"]
[Date "2007.01.27"]
[Round "3.5"]
[White "Eidelson, Rakhil"]
[Black "Kuzevanova, Evgenia"]
[Result "1/2-1/2"]
[WhiteElo "2181"]
[BlackElo "2172"]
[PlyCount "153"]
[EventDate "2007.01.25"]
[EventType "tourn"]
[EventRounds "9"]
[EventCountry "RUS"]
[Source "lmi"]
[SourceDate "2007.01.25"]

1. d4 Nf6 2. Nf3 g6 3. Nc3 d5 4. Bf4 Bg7 5. Qd2 O-O 6. Ne5 Nbd7 7. f3 e6 8. g4
c5 9. e3 Ne8 10. h4 Nxe5 11. dxe5 f6 12. exf6 Nxf6 13. O-O-O Qa5 14. Kb1 d4 15.
exd4 cxd4 16. Nb5 Qxd2 17. Bxd2 Nd5 18. Be2 Bd7 19. Nd6 Bc6 20. Ne4 Nf4 21. Bc4
Bd5 22. Bb3 Rad8 23. Bb4 Rf7 24. Ng5 Rfd7 25. Bd2 Rf8 26. Rhe1 Bxb3 27. axb3
Ng2 28. Rxe6 Nxh4 29. Nxh7 Kxh7 30. Rh1 Rxf3 31. Rxh4+ Kg8 32. Rxg6 d3 33. cxd3
Kf7 34. Rg5 Rfxd3 35. Bc3 Bxc3 36. Rh7+ Kf6 37. Rxd7 Rxd7 38. Rf5+ Ke6 39. bxc3
Rg7 40. Rf4 Ke5 41. Rd4 Rc7 42. Kc2 Rf7 43. Kd3 Rf3+ 44. Kd2 Rg3 45. Rd7 Rxg4
46. Rxb7 Rg2+ 47. Kd3 Ra2 48. b4 Kd6 49. Ke4 Kc6 50. Rh7 Ra1 51. Rh6+ Kb7 52.
Kd5 Rg1 53. Rh7+ Kb8 54. Rd7 Rg5+ 55. Kc6 Rg6+ 56. Rd6 Rg8 57. c4 Rc8+ 58. Kb5
Rc7 59. c5 Rb7+ 60. Ka4 Rh7 61. c6 Rh5 62. b5 Rh1 63. Rd8+ Kc7 64. Rd7+ Kb8 65.
Kb4 Rc1 66. Rd8+ Kc7 67. Rd7+ Kb8 68. Rd4 Kc7 69. Rc4 Rxc4+ 70. Kxc4 a6 71. Kc5
axb5 72. Kxb5 Kc8 73. Kc5 Kc7 74. Kd5 Kc8 75. Kd6 Kd8 76. c7+ Kc8 77. Kc6
1/2-1/2

[Event "FINEC 2007 WGM"]
[Site "St. Petersburg RUS"]
[Date "2007.01.28"]
[Round "4.1"]
[White "Lupik, Marina"]
[Black "Solovjova, Valentina"]
[Result "1/2-1/2"]
[WhiteElo "2209"]
[BlackElo "2267"]
[PlyCount "30"]
[EventDate "2007.01.25"]
[EventType "tourn"]
[EventRounds "9"]
[EventCountry "RUS"]
[Source "lmi"]
[SourceDate "2007.01.25"]

1. d4 d5 2. c4 c6 3. Nf3 Nf6 4. Nc3 e6 5. Bg5 dxc4 6. e4 b5 7. a4 Bb4 8. e5 h6
9. Bh4 g5 10. Nxg5 Bxc3+ 11. bxc3 Qa5 12. Nxf7 Qxc3+ 13. Ke2 Qb2+ 14. Ke1 Qc3+
15. Ke2 Qb2+ 1/2-1/2

[Event "FINEC 2007 WGM"]
[Site "St. Petersburg RUS"]
[Date "2007.01.28"]
[Round "4.2"]
[White "Kuzevanova, Evgenia"]
[Black "Kostiuk, Tatiana"]
[Result "1/2-1/2"]
[WhiteElo "2172"]
[BlackElo "2224"]
[PlyCount "58"]
[EventDate "2007.01.25"]
[EventType "tourn"]
[EventRounds "9"]
[EventCountry "RUS"]
[Source "lmi"]
[SourceDate "2007.01.25"]

1. e4 e5 2. Nf3 Nc6 3. Bc4 Nf6 4. d3 Be7 5. O-O O-O 6. Re1 d6 7. c3 Na5 8. Bb5
a6 9. Ba4 b5 10. Bc2 c5 11. Nbd2 Nc6 12. Nf1 Re8 13. h3 d5 14. exd5 Qxd5 15.
Bg5 Bd7 16. Qe2 h6 17. Bh4 Nh5 18. Bb3 Qd6 19. Nxe5 Nxe5 20. Bxe7 Rxe7 21. Qxh5
Rae8 22. d4 cxd4 23. cxd4 Nd3 24. Rxe7 Rxe7 25. Qf3 Nxb2 26. Qc3 Na4 27. Bxa4
bxa4 28. Ne3 Re8 29. d5 f5 1/2-1/2